000 00802nam a2200205 a 4500
001 BRCA_2099
005 20190320203652.0
008 110808s1991----mx-#---###---#000-0#spa-#
050 4 _aF1391.P8
_b.L43 41
_c1991
100 1 _aAlatriste de la Fuente, Miguel
_96370
245 1 0 _aGeneral Miguel Cástulo de Alatriste
_cMiguel Alatriste de la Fuente.
260 _aMéxico
_bGobierno del Estado de Puebla : Secretaría de Cultura : Comisión Puebla V Centenario
_c1991
300 _a1 v. (sin paginación)
_c23 cm.
440 0 _aLecturas Históricas de Puebla
_n41
_96371
504 _aBibliografía: p. [15]
600 1 4 _aCástulo de Alatriste, Miguel
_cGeneral
_vBiografías
_96372
651 4 _aPuebla (México)
_xHistoria
_9409
651 4 _aPuebla (México)
_xLecturas históricas
_96338
942 _2lcc
_cB
999 _c1856
_d1856